NFL First Drafted WR by Year - Statistics

General Stats
  • This quiz has been taken 48 times
  • The average score is 13 of 26
Answer Stats
Year Team Answer % Correct
2021 Bengals Ja'Marr Chase
100%
2024 Cardinals Marvin Harrison
100%
2023 Seahawks Jaxon Smith-Njigba
95%
2025 Jaguars Travis Hunter
95%
2022 Falcons Drake London
90%
2019 Ravens Marquise Brown
81%
2007 Lions Calvin Johnson
79%
2020 Raiders Henry Ruggs
76%
2015 Raiders Amari Cooper
67%
2010 Broncos Demaryius Thomas
67%
2018 Panthers D.J. Moore
67%
2011 Bengals A.J. Green
64%
2004 Cardinals Larry Fitzgerald
64%
2006 Steelers Santonio Holmes
45%
2017 Titans Corey Davis
38%
2014 Bills Sammy Watkins
36%
2016 Browns Corey Coleman
33%
2012 Jaguars Justin Blackmon
24%
2013 Rams Tavon Austin
24%
2009 Raiders Darrius Heyward-Bey
19%
2005 Browns Braylon Edwards
14%
2003 Lions Charles Rogers
7%
2008 Rams Donnie Avery
2%
2002 Saints Donte' Stallworth
2%
2000 Bengals Peter Warrick
2%
2001 Bears David Terrell
0%
No matching quizzes found
Score Distribution
Percent of People with Each Score
Percentile by Number Answered
Your Score History
You have not taken this quiz